00402cam a2200169ua 45000010006000000050017000060080039000230400009000620410008000710820013000791000026000922450033001182500012001512600039001633000010002026530020002121004120260515114546.0170322n ii |||gr||||Z||||||asm cMAIN aasm a891.4513 aDas, Jogesh,eAuthor. aDawor aru naicBy Jogesh Das a7th ed. aGuwahati:bChetana prakash,c1988. a151p. aAsamiya upanyas